Quizzes
Events
Quiz Creation
Community
Videos
Private Events
Remove Ads
Sign In
Join for FREE
Feedback
Dark Mode
Quiz Categories
Sports
Geography
Music
Movies
Television
Just For Fun
Miscellaneous
History
Literature
Language
Science
Gaming
Entertainment
Religion
Holiday
For Kids
Quiz Lab
Recent
Popular Today
Quiz Kudos Today
Editor Picks
Curator Picks
Quizzes by...
Day
Popularity
Type
Ratings
Length
Year
Community
Subscriptions
Recent Discussions
Orange Saloon
Badges
Playlists
Quests
Create
Leaderboards
Showdown
Live 5
Trivia Bingo
Activity
Puzzle Library
Sporcle Events
Private Events
Virtual Trivia
Globe League
Become a Host
Pub Owners
SporcleCon
Opinionation
Our Games
Videos
Blog
Mobile Apps
Partnerships
Remove Ads and Go Orange
Feedback
Television
TV Characters
TV Show
Sitcom
Network
Friends
Reality Shows
Cast
South Park
Star Trek
The Simpsons
Doctor Who
Television
TV Characters
TV Show
Sitcom
Network
Friends
Reality Shows
Cast
South Park
Star Trek
The Simpsons
Doctor Who
Random Quiz
Search Sporcle
×
Quiz Lab
Quiz Lab
Television
Quote
Type in answers that appear in a list
Type in answers that appear in a list
Classic
Best Score? Go Orange.
Friends Trivia Beginning with 'B' Stats
Can you name the Friends Trivia beginning with 'B'?
By
Jcluva25
5m
18 Questions
331 Plays
331 Plays
331 Plays
Comments
Comments
Give Quiz Kudos
Give Quiz Kudos
-
- Ratings
hide this ad
Replay
Link that replays current quiz
Next Quiz
Link to next quiz in quiz playlist
You Got
0%
They Got
Avg Score
82%
Avg Friend Score
Upgrade to see
Score Distribution
Jump to the score distribution portion of the page
Score
0/18
Timer
05:00
0
Plays Today
Question
Answer
% Correct
Chandler's last name.
Bing
100%
Carol and Ross' son's name.
Ben Geller
95.2%
Rachel's ex, the Orthodontist's, name.
Barry Farber
94%
Ex boyfriend of Monica who was FUN before giving up alcohol.
Fun Bobby
94%
According to Ross, 'WE WERE ON A _
_
_
_
_
_
_
_
'!
BREAK
93.4%
Joey makes Chandler spend most of Thanksgiving in this because of his relationship with Kathy.
A box
90%
Rachel talks this ex girlfriend of Ross's into shaving her head.
Bonnie
88.8%
Rachel gets a job as an assistant buyer at this department store.
Bloomingdale's
88.5%
The gang travels here for Ross and Charlie's conference.
Barbados
87.6%
Question
Answer
% Correct
Phoebe wants to change her name to Princess Consuela this.
Bananahammock
87.6%
Song Ross sings to make Emma laugh.
Baby Got Back
85.8%
Joey agrees to be Mr. Treeger's partner for this activity.
Ballroom dancing
84.6%
Ross wears this characters suit.
Batman
83.4%
Instrument Ross was going to play at Monica and Chandler's wedding.
Bagpipes
83.1%
Ross and Chandler get celebrity tuxedos. Chandler wears this characters suit.
James Bond
74%
Joey dives to save his sandwich when he hears this, which he thought was gunfire.
Back-fire
67.7%
Name of Ursula's porno.
Buffay, the Vampire Layer
42.6%
Title of the girls' female empowerment book.
Be Your Own WIndkeeper
36.9%
Quiz Playlist
Details
Report
Send in Message
Add To Playlist
Classic:
Type in answers that appear in a list
Last Updated: Feb 16, 2017
Quiz Scoreboard
CHALLENGE
Sign Up to Join the Scoreboard
Show All
Scores
Hide
Comments
May contain spoilers
Recently Published
9x9 Crossword: Cartoon Network
by jackfrog10
Miscellaneous
3m
College Basketball Coaching Resumes
by pancakes188
Sports
9m
Billboard Blitz: Fleetwood Mac
by CooCooCachoo
Music
15s
More to Explore
Quiz From the Vault
Featured Blog Post
Where Did the Easter Bunny Come From?
hide this ad
You Might Also Like...
Tags
Quote Quiz
Today's Top Quizzes in Television
Browse Television
hide this ad
Today's Top Quizzes in Quote
Browse Quote
Top Contributed Quizzes in Television
1
5-to-1: The Simpsons Families
2
5-to-1: Television Doctors
3
7-to-1: TV Show Settings
4
Adjectives in 00s TV Shows
5
Adjectives in 80s TV Shows
6
5-to-1: Streaming Originals
7
Adjectives in 10s TV Shows
8
Survivor Seasons
9
One Piece Logic Puzzle
10
All US Survivor Seasons in Order
Explore More
Trending Topics
Crossword
Harry Potter
Anime
Marvel
Disney
NBA
Kpop
Song
Pokémon
Soccer
Puzzle
The Office
NFL
Country
WWE
hide this ad
More By:
Jcluva25
Quiz
Plays
Rating
Category
Featured
Created
Friends Trivia Beginning with 'B'
331
4.17
Television
Mar 14, 2013
Friends Trivia Beginning with 'C'
325
4.00
Television
Mar 19, 2013
Friends Trivia Beginning with 'A'
136
1.00
Television
Mar 13, 2013
Popular Book Series Clickable
58
5.00
Just For Fun
Mar 10, 2013
What is the missing letter?
32
5.00
Just For Fun
Mar 11, 2013
Go to Creator's Profile
Score Distribution
Quiz Creator Spotlight
Jcluva25
Follow
Send a Message
Quizzes Created
-
Created Quiz Play Count
-
More By This Creator
Popular Quizzes Today
1
Find the US States - No Outlines Minefield
2
Find the Countries of Europe - No Outlines Minefield
3
The Countries of the World
4
Find the US States
5
Risky Map Clicking: Biggest States A-Z
6
US States
7
Popular People in 1961
8
Movies - When Are They Set?
More Television Quizzes
My Hero Academia Class 1-A Quirks
Quiz Lab
Trending Quizzes
Risky Map Clicking: Least Populous States A-Z
1-10 Letter G Words
1-10 Letter F Words
Risky Map Clicking: Next State Alphabetically
Adjectives in 80s TV Shows
Recently Updated
Leaping Animals
pecheneg
Reality TV Shows (A-Z)
bhenderson79
Rickey Henderson's Hall of Fame Teammates
pecheneg
Champions League XIs: Arsenal
pecheneg
Quick Pick: Celebrities in WWE's Hall of Fame
aduchscher
A-Z Keypad Blitz II
pecheneg
Multiple Oscar Actors
pecheneg
Mystery Phrase Blitz: Oscar 'Best Actors'
pecheneg
F. Scott Fitzgerald Novels
LTH
Pick 3 Villains
ddd62291
Trending Topics
NBA
Kpop
Marvel
Crossword
Harry Potter
Anime
Disney
The Office
Puzzle
Soccer
Pokémon
WWE
NFL
Song
Country
Your Account Isn't Verified!
In order to create a playlist on Sporcle, you need to verify the email address you used during registration. Go to your
Sporcle Settings
to finish the process.
Report this User
Report this user for behavior that violates our
Community Guidelines
.
Details:
Send Report
Go to the Sporcle.com Mobile Site →
Comments